| 000 | 01057cam a2200265 4500 | ||
|---|---|---|---|
| 008 | 010719n2001 000 0 eng u | ||
| 020 | _a0727729551 | ||
| 035 | _a(Sirsi) u113701 | ||
| 050 | _a692.8 | ||
| 100 | _aBennett, J. | ||
| 245 | _aNEC and partnering : the guide to building winning teams. | ||
| 260 |
_aLondon _bThomas Telford _c2001 |
||
| 300 |
_a125p. _c30cm. + NEC partnering option (9p. _c30cm.) |
||
| 350 | _a50.00 | ||
| 520 | _aProvides practical guidance on the use of the "New engineering contract", and the NEC suite of contract documentation (including the "NEC partnering option"), coupled with partnering philosophy. Accompanied by the full text of the "NEC partnering option", first published in June 2001. | ||
| 650 | _aNEW ENGINEERING CONTRACT | ||
| 650 | _aNEC PARTNERING OPTION | ||
| 650 | _aNEW ENGINEERING CONTRACT (THIRD EDITION) | ||
| 650 | _aNEW ENGINEERING CONTRACT PARTNERING OPTION | ||
| 650 | _aPARTNERING | ||
| 650 | _aTEAMBUILDING | ||
| 690 |
_aProcurement _96260 |
||
| 700 | _aBaird, A. | ||
| 942 | _n0 | ||
| 999 |
_c101549 _d101549 |
||